Ansel Adams : 400 Photographs /

Gespeichert in:
Bibliographische Detailangaben
1. Verfasser: Adams, Ansel (fotógrafo)
Weitere Verfasser: Stillman, Andrea G. (edición) (edición)
Format: Buch
Sprache:Englisch
Veröffentlicht: Nueva York, EUA : Little, Brown and Company, 2007, c2007
Schlagworte:
Tags: Tag hinzufügen
Keine Tags, Fügen Sie das erste Tag hinzu!

MARC

LEADER 00000nam^a2200000^a^4500
001 000403246
005 20250526000000.0
008 150325 20072007
009 20260526143640.195
020 |a 978-0-316-11772-2 
037 |a Acervo ITESO - Biblioteca 
041 |a ING 
082 |a 770. 97309  |b ADA STI 
100 |a Adams, Ansel  |e (fotógrafo) 
245 1 0 |a Ansel Adams :  |b 400 Photographs /  |c A. Adams ; ed. de A.G. Stillman. 
264 4 |a Nueva York, EUA :  |b Little, Brown and Company,  |c 2007, c2007 
300 |a 440 p. ;  |c 21.0 cm. 
336 |a texto  |b txt  |2 rdacontenido 
337 |a sin mediación  |b n  |2 rdamedio 
338 |a volumen  |b nc  |2 rdasoporte 
649 |a XX 
650 |a Fotógrafos Norteamericanos 
650 |a Artistas Norteamericanos 
650 |a Retrato (Fotografía) 
650 |a Fotografía en Blanco y Negro -  |z EUA 
650 |a Fotografía de la Naturaleza -  |z EUA 
650 |a Fotografía Norteamericana -  |y Siglo XX 
650 |a Fotografía Norteamericana -  |x Historia y Crítica 
650 |a Arte Norteamericano -  |y Siglo XX 
650 |a Arte Norteamericano -  |x Historia y Crítica 
650 |a EUA -  |x Fotografías 
650 |a EUA -  |x Descripción 
650 |a Adams, Ansel -  |x Tema Principal 
700 |a Stillman, Andrea G.  |e (edición) 
910 |a Fondo General 
920 |a Impresos - Libros 
930 |a Libros Antiguos y Raros 
905 |a 108 
901 |a 0500298541  |b IT2  |c LRA  |i C156515  |u 20250526 
902 |a https://opac.biblio.iteso.mx/vufind/Record/000403246